00417 2200157 4500001002100000005001500021035001900036245005600055100001800111300003800129260004600167082000700213084001300220022001200233990001400245INLIS00000000000151320250204105348$a 0010-0225000002$a Hujan asam bahaya dan penyebabnya /$c Bhakti Karyono$a Bhakti Karyono$a 50 hlm : $b ilus ; $c 21 x 27.5 cm$a Jakarta :$b PT Kuart Internasional,$c 2025$a 050$a 050 BHA h$a 16939964$a MK002/2025